LEADER 01261nam a2200301 a 4500 001 000000138990 003 CaOOAMICUS 005 20140625140940.0 008 140625s1979 it u000 u ita r 040 $aPUL$bita 041 1 $aita$hfre 100 1 $aMarion, Jean-Luc,$d1946-$0(OLS)http://pul/name/49406 240 10$aIdole et la distance.$lItaliano.$0(OLS)http://pul/title/175961 245 12$aL'idolo e la distanza :$bcinque studi /$cJean-Luc Marion. 260 $aMilano :$bJaca Book,$c1979. 300 $aVIII, 259 p. ;$c23 cm 490 1 $aDi fronte e attraverso ;$v41 504 $aBibliografia in nota. 650 4$aCristianesimo (filosofia).$0(OLS)http://pul/subject/22607 830 0$aDi fronte e attraverso ;$v41.$0(OLS)http://pul/title/138 850 $aPUL 852 $aPUL$W1$xDP1 Fondo Bordoni$y120$m3 A 48$j115685$qFondi$B172575$CPULBib$Z2$F172575 $HBor1354 $81 852 $aPUL$W1$xDP1 Filosofia 1$y19$m590 I 12$j160463$qStampati$B159906$CPULBib$Z2$F159906 $H48167 $82 941 1 $a1 941 1 $a8 996 $6245$aL'idolo e la distanza :$bcinque studi$9(OLS)http://pul/title/175962 996 $6260$aMilano :$bJaca Book$9(OLS)http://pul/publisher/47900 LEADER 01143nam a2200277 a 4500 001 000000167575 003 CaOOAMICUS 005 20180508105119.0 008 180508s1972 it u000 u ita r 032 $aLibriCat 040 $aPUL$bita 041 1 $aita$hfre 100 1 $aMichaeli, Frank.$0(OLS)http://pul/name/24917 240 13$aLe livre de la Genese.$lItaliano.$0(OLS)http://pul/title/207655 245 10$aCommentario alla Genesi /$cF. Michaeli. 260 $aFirenze :$bLibreria editrice fiorentina,$cstampa 1972. 300 $a319 p. ;$c19 cm. 490 1 $aRicerca ;$v04 630 04$aBiblia.$pV.T.$pGenesis$xCritica e interpretazione.$0(OLS)http://pul/subject/2021 830 0$aRicerca (Libreria editrice fiorentina) ;$v04.$0(OLS)http://pul/title/83584 850 $aPUL 852 $aPUL$W1$xDP1 Fondo Dalla Palma$y117$m3 C 33$j38515$qFondi$B195218$CPULBib$Z2$F195218 $HDal2282 $81 941 1 $a1 996 $6245$aCommentario alla Genesi$9(OLS)http://pul/title/207656 996 $6260$aFirenze :$bLibreria editrice fiorentina$9(OLS)http://pul/publisher/48392